| 000 | 01426nam0a22002651 4500 | ||
|---|---|---|---|
| 001 | rc\2156308 | ||
| 005 | 20250623003504.0 | ||
| 035 | _a(NLR Aleph) 006493679 | ||
| 090 |
_a6159017 _c6159017 |
||
| 100 | _a20110829d1979 |||y0rusy50 ca | ||
| 101 | 1 |
_arus _ceng |
|
| 102 | _aRU | ||
| 105 | _ay z ||||| | ||
| 200 | 1 |
_aСостав волокон, размер волокон и энзиматическая активность в боковой широкой мышце бедра у спортсменов высшей квалификации, выполняющих физические упражнения высокой интенсивности _fGreen H.J., Thomson J.A., Daub W.D. и др. _aКонцентрация лактата в крови у пловцов после соревнований _fSawka M.N., Knowlton R.G., Miles D.S. and J.B. Critz |
|
| 210 |
_aМосква _cБ. и. _d1979 |
||
| 215 |
_a28 с. _d20 |
||
| 225 | 1 |
_aЗарубежные научные исследования по физической культуре и спорту _eБюл. _fОтд. зарубеж. спорта ВНИИФК _v№ 8 |
|
| 300 | _aПер. из "Eur. j. appl. physiol., 1970, v. 41". No. 2 | ||
| 320 | _aБиблиогр. в конце статей | ||
| 333 | _aДСП. Экз. № 000007 | ||
| 801 | 0 |
_aRU _bNLR _gpsbo |
|
| 801 | 1 |
_aRU _bELAR _2rusmarc |
|
| 852 |
_aNLR _jП42/19 |
||
| 942 | _cBOOK | ||
| 980 | _aNB | ||